Granitization phenomena in the Gilǎu Mountains (Romania) a geochemical approach /
Elmentve itt :
| Szerző: | |
|---|---|
| Dokumentumtípus: | Cikk |
| Megjelent: |
Department of Mineralogy, Geochemistry and Petrology, University of Szeged
Szeged
2003
|
| Sorozat: | Acta mineralogica-petrographica
1 Acta mineralogica-petrographica : abstract series 1 |
| Kulcsszavak: | Geokémia - előadáskivonat, Földtan - előadáskivonat, Kőzettan - előadáskivonat, Ásványtan - előadáskivonat |
| Tárgyszavak: | |
| Online Access: | http://acta.bibl.u-szeged.hu/31398 |
| LEADER | 01001nab a2200217 i 4500 | ||
|---|---|---|---|
| 001 | acta31398 | ||
| 005 | 20260212145243.0 | ||
| 008 | 161017s2003 hu o 000 eng d | ||
| 022 | |a 0324-6523, 1589-4835 | ||
| 040 | |a SZTE Egyetemi Kiadványok Repozitórium |b hun | ||
| 041 | |a eng | ||
| 100 | 1 | |a Stumbea D. | |
| 245 | 1 | 0 | |a Granitization phenomena in the Gilǎu Mountains (Romania) |h [elektronikus dokumentum] : |b a geochemical approach / |c Stumbea D. |
| 260 | |a Department of Mineralogy, Geochemistry and Petrology, University of Szeged |b Szeged |c 2003 | ||
| 300 | |a 97 | ||
| 490 | 0 | |a Acta mineralogica-petrographica |v 1 | |
| 490 | 0 | |a Acta mineralogica-petrographica : abstract series |v 1 | |
| 650 | 4 | |a Természettudományok | |
| 650 | 4 | |a Föld- és kapcsolódó környezettudományok | |
| 695 | |a Geokémia - előadáskivonat, Földtan - előadáskivonat, Kőzettan - előadáskivonat, Ásványtan - előadáskivonat | ||
| 856 | 4 | 0 | |u http://acta.bibl.u-szeged.hu/31398/1/mineralogica_as_001_097.pdf |z Dokumentum-elérés |